00283pam a2200121 a 4500020000500000041000800005082000800013100001700021245006800038250001000106260003200116300001300148 c aeng bGRA aGrace, Eric. aBiotechnogy Unzipped Promises and Realitise hTextual Documents a1997. a[s.l]:bJoseph Henry Press  a248 pg .